[Event "2nd President's Cup"]
[Site "Baku AZE"]
[Date "2007.05.04"]
[Round "2"]
[White "Mammadov,A"]
[Black "Zinchenko,Ya"]
[Result "1/2-1/2"]
[WhiteElo "2225"]
[BlackElo "2513"]
[EventDate "2007.05.03"]

1. e4 c5 2. Nf3 Nc6 3. d4 cxd4 4. Nxd4 Nf6 5. Nc3 d6 6. Bg5 Qb6 7. Nb3 e6
8. Qd2 a6 9. O-O-O Be7 10. f3 O-O 11. h4 Qc7 12. h5 Rd8 13. h6 g6 14. Qf4
Ne8 15. Bxe7 Qxe7 16. Qe3 b5 17. f4 b4 18. Na4 Rb8 19. g4 Qc7 20. Rh2 Bd7
21. Rhd2 Ne7 22. Nac5 dxc5 23. Qxc5 Bc6 24. Rxd8 Rxd8 25. Rxd8 Qxd8 26.
Qxb4 Qc7 27. e5 g5 28. Bd3 Qa7 29. fxg5 Qg1+ 30. Kd2 Qf2+ 31. Kc1 Nd5 32.
Qe4 Ndf6 33. Qe2 Qg1+ 34. Qd1 Qxd1+ 35. Kxd1 Nxg4 36. Bxa6 Nxe5 37. Nd4 Bd5
38. a4 Nd6 39. b3 Nd7 40. Bd3 Nc5 41. Kd2 e5 42. Nf5 Nc8 43. Ne3 Be6 44. a5
e4 45. Bc4 Kf8 46. b4 Bxc4 47. Nxc4 Ne6 48. Ke3 Na7 1/2-1/2

[Event "2nd President's Cup"]
[Site "Baku AZE"]
[Date "2007.05.04"]
[Round "2"]
[White "Zubarev,Al1"]
[Black "Guramishvili,S"]
[Result "1-0"]
[WhiteElo "2511"]
[BlackElo "2267"]
[EventDate "2007.05.03"]

1. e4 c5 2. Nf3 d6 3. d4 cxd4 4. Nxd4 Nf6 5. Nc3 a6 6. a4 e5 7. Nf3 Qc7 8.
Bg5 Nbd7 9. Nd2 h6 10. Bh4 b6 11. Bc4 Bb7 12. O-O Be7 13. Qe2 O-O 14. Rfd1
Rfc8 15. Ba2 Bc6 16. Qc4 Kh8 17. Qxf7 Rf8 18. Qc4 b5 19. Nxb5 Qb6 20. Nc3
Ng4 21. a5 Qa7 22. Qe2 Bxh4 23. Qxg4 Rf4 24. Qe6 Qxf2+ 25. Kh1 Rf6 26. Qh3
Raf8 27. Nf3 Rf4 28. Bd5 Nb8 29. Bxc6 Nxc6 30. Rd2 Qc5 31. Nd5 Rxf3 32.
gxf3 Bg5 33. Rg2 Bf4 34. Rag1 Rf7 35. Qc8+ Kh7 36. Rxg7+ 1-0

[Event "2nd President's Cup"]
[Site "Baku AZE"]
[Date "2007.05.04"]
[Round "2"]
[White "Agaragimov,D"]
[Black "Aroshidze,L"]
[Result "0-1"]
[WhiteElo "2219"]
[BlackElo "2500"]
[EventDate "2007.05.03"]

1. d4 Nf6 2. Nf3 e6 3. c4 b6 4. g3 Bb7 5. Bg2 Be7 6. Nc3 O-O 7. Qc2 c5 8.
d5 exd5 9. Nh4 b5 10. cxd5 b4 11. d6 Bxg2 12. dxe7 Qxe7 13. Nxg2 bxc3 14.
O-O cxb2 15. Bxb2 d6 16. Ne3 Nbd7 17. Rfd1 Rfe8 18. Qd3 d5 19. Nxd5 Qxe2
20. Qc3 Rab8 21. Rd2 Qh5 22. Rad1 Qh6 23. Nxf6+ Nxf6 24. Rd6 Ne4 0-1

[Event "2nd President's Cup"]
[Site "Baku AZE"]
[Date "2007.05.04"]
[Round "2"]
[White "Mammadova,G"]
[Black "Magalashvili,D"]
[Result "1-0"]
[WhiteElo "2201"]
[BlackElo "2474"]
[EventDate "2007.05.03"]

1. e4 c5 2. f4 d6 3. Nf3 a6 4. Be2 Nf6 5. d3 g6 6. O-O Bg7 7. Nc3 O-O 8. h3
Nc6 9. Be3 b5 10. Qe1 b4 11. Nd1 Nd7 12. Qf2 a5 13. c3 a4 14. a3 bxc3 15.
bxc3 Na5 16. d4 Nb3 17. Rb1 Nf6 18. Bd3 Ba6 19. Bxa6 Rxa6 20. Qc2 cxd4 21.
cxd4 Qa8 22. d5 Rc8 23. Qd3 Ra5 24. Nf2 Nd7 25. Bd4 Nxd4 26. Nxd4 Nc5 27.
Qe3 Bxd4 28. Qxd4 Nb3 29. Qe3 Qa7 30. Qe1 Rc2 31. Rd1 Qc5 32. Kh1 Qxa3 33.
Nd3 Rb5 34. f5 Qa2 35. fxg6 hxg6 36. Qg3 Nd2 37. Rfe1 Nc4 38. Nf4 Ne5 39.
Qg5 Rbb2 40. Ra1 Qb3 41. Rf1 f6 42. Qh4 g5 43. Qh5 gxf4 44. Qe8+ Kg7 45.
Qxe7+ Nf7 46. Rxf4 Rb1+ 47. Rxb1 Qxb1+ 48. Kh2 Rxg2+ 49. Kxg2 Qb2+ 50. Rf2
Qd4 51. Kf3 Qd3+ 52. Kg4 Qc3 53. Rf3 Qb2 54. Rg3 Kg6 55. Qe8 Kg7 56. Kh5+
Ng5 57. Qe7+ Kg8 58. Kg6 1-0

[Event "2nd President's Cup"]
[Site "Baku AZE"]
[Date "2007.05.04"]
[Round "2"]
[White "Guliev,L"]
[Black "Badalov,S"]
[Result "1-0"]
[WhiteElo "2466"]
[BlackElo "2245"]
[EventDate "2007.05.03"]

1. e4 c5 2. Nf3 d6 3. d4 cxd4 4. Qxd4 Bd7 5. c4 Nc6 6. Qd2 Nf6 7. Nc3 e6 8.
Be2 Be7 9. O-O O-O 10. b3 Qc7 11. Bb2 Rad8 12. Rac1 Qb8 13. Bd3 a6 14. Bb1
b5 15. cxb5 axb5 16. Nd4 Nxd4 17. Qxd4 b4 18. Nd1 e5 19. Qd2 Qb7 20. Ne3
Be6 21. Qd3 Nd7 22. Rfd1 Nc5 23. Qc2 Bg5 24. Re1 Rc8 25. Qd1 Nxe4 26. Rxc8
Rxc8 27. Nc4 Rxc4 28. bxc4 Nd2 29. Bc1 Bh3 30. f3 Qb6+ 31. Kh1 Nxb1 32.
Bxg5 Nc3 33. Qc2 Be6 34. a3 Qd4 35. axb4 e4 36. fxe4 Bxc4 37. Be3 1-0

[Event "2nd President's Cup"]
[Site "Baku AZE"]
[Date "2007.05.04"]
[Round "2"]
[White "Gasanov,E"]
[Black "Hasanova,T"]
[Result "1-0"]
[WhiteElo "2486"]
[BlackElo "1929"]
[EventDate "2007.05.03"]

1. d4 Nf6 2. c4 e6 3. Nc3 Bb4 4. Qc2 b6 5. a3 Bxc3+ 6. Qxc3 Ne4 7. Qc2 Bb7
8. Nh3 f5 9. f3 Nf6 10. e3 O-O 11. Bd3 d6 12. O-O c6 13. b4 Nbd7 14. Bb2 a5
15. bxa5 bxa5 16. Rab1 Ba6 17. Bc3 Ne8 18. Nf4 Qe7 19. Bxa5 g5 20. Ne2 Bxc4
21. Qxc4 Rxa5 22. a4 d5 23. Qxc6 Nd6 24. Bb5 Ra7 25. Qc3 Nb6 26. Ra1 Rfa8
27. Qb4 Qc7 28. Nc3 1-0

[Event "2nd President's Cup"]
[Site "Baku AZE"]
[Date "2007.05.04"]
[Round "2"]
[White "Agayev,N"]
[Black "Fatullaev,E"]
[Result "1-0"]
[WhiteElo "2306"]
[BlackElo "1876"]
[EventDate "2007.05.03"]

1. e4 e6 2. d4 d5 3. Nd2 Nf6 4. e5 Nfd7 5. Bd3 c5 6. c3 b6 7. Nh3 Ba6 8.
Bxa6 Nxa6 9. O-O b5 10. Qg4 Qb6 11. a4 bxa4 12. Rxa4 cxd4 13. cxd4 Nb4 14.
Nf3 Nc2 15. Nf4 h6 16. h4 a5 17. Bd2 g5 18. hxg5 hxg5 19. Nxg5 Qb5 20. Nxf7
Rh1+ 21. Kxh1 Qxf1+ 22. Kh2 1-0

[Event "2nd President's Cup"]
[Site "Baku AZE"]
[Date "2007.05.05"]
[Round "3"]
[White "Short,N"]
[Black "Aroshidze,L"]
[Result "1-0"]
[WhiteElo "2691"]
[BlackElo "2500"]
[EventDate "2007.05.03"]

1. c4 c5 2. g3 Nf6 3. Bg2 e6 4. Nf3 Nc6 5. O-O a6 6. Nc3 Be7 7. d4 cxd4 8.
Nxd4 Qc7 9. b3 O-O 10. Bb2 d6 11. Rc1 Nxd4 12. Qxd4 Bd7 13. Rfd1 Rfd8 14.
h3 Be8 15. g4 Bf8 16. g5 Nd7 17. Ne4 Nc5 18. Nxc5 dxc5 19. Qe5 Qxe5 20.
Bxe5 Be7 21. f4 Rxd1+ 22. Rxd1 Ra7 23. Bb8 Ra8 24. Bc7 Kf8 25. Kf2 Bc6 26.
Bxc6 bxc6 27. Ba5 Ra7 28. Kf3 Ke8 29. Bc3 Bf8 30. h4 Rd7 31. Rh1 Kd8 32. h5
Kc7 33. g6 hxg6 34. hxg6 fxg6 35. Rg1 Kd8 36. Rxg6 Ke7 37. f5 exf5 38. Rxc6
Kf7 39. Rxa6 Be7 40. Rb6 g5 41. a4 Bd6 42. a5 g4+ 43. Kg2 1-0

[Event "2nd President's Cup"]
[Site "Baku AZE"]
[Date "2007.05.05"]
[Round "3"]
[White "Van Wely,L"]
[Black "Guliev,L"]
[Result "1-0"]
[WhiteElo "2674"]
[BlackElo "2466"]
[EventDate "2007.05.03"]

1. d4 Nf6 2. c4 e6 3. Nf3 Bb4+ 4. Nbd2 O-O 5. a3 Be7 6. e4 d5 7. e5 Nfd7 8.
b4 a5 9. b5 c5 10. Bb2 cxd4 11. cxd5 exd5 12. Be2 Nc5 13. Nxd4 Nbd7 14. f4
Nb6 15. a4 Bh4+ 16. g3 Bh3 17. Bf1 Bxf1 18. Kxf1 Be7 19. Nf5 g6 20. Nxe7+
Qxe7 21. Bd4 Nc4 22. Nf3 Rac8 23. Kg2 Ne4 24. Qd3 Rc7 25. Rhe1 Rfc8 26. Ra2
Qe6 27. Bg1 Nb6 28. Nd4 Qd7 29. Ne2 Nc4 30. Rd1 Rd8 31. Qf3 Qe7 32. Nd4 Nc5
33. g4 Ne4 34. Ne2 Rdc8 35. Ng3 Rd7 36. Rd4 Nxg3 37. hxg3 Rcd8 38. Ra1 Qb4
39. Qe2 Rc7 40. Bf2 Qb3 41. Rd3 Qb4 42. Rad1 Qxa4 43. Rxd5 Re8 44. R1d4 Qb4
45. Rd8 Rxd8 46. Rxd8+ Kg7 47. e6 Qe7 48. Bd4+ f6 49. g5 Qxd8 50. Bxf6+
Qxf6 51. gxf6+ Kxf6 52. e7 Rxe7 53. Qxc4 h5 54. Qc3+ Kf7 55. Qxa5 Kg7 56.
Qb6 Rf7 57. Kf3 1-0

[Event "2nd President's Cup"]
[Site "Baku AZE"]
[Date "2007.05.05"]
[Round "3"]
[White "Fedorov,Alex"]
[Black "Guseinov,El"]
[Result "1-0"]
[WhiteElo "2611"]
[BlackElo "2457"]
[EventDate "2007.05.03"]

1. e4 c5 2. Nf3 e6 3. d4 cxd4 4. Nxd4 a6 5. Bd3 Bc5 6. Nb3 Be7 7. Be3 d6 8.
N1d2 Nf6 9. f4 Nc6 10. c3 O-O 11. Qf3 e5 12. f5 b5 13. g4 Nd7 14. h4 Bb7
15. g5 Re8 16. O-O-O a5 17. f6 gxf6 18. Qh5 a4 19. Bxb5 d5 20. exd5 Nb4 21.
cxb4 axb3 22. Nxb3 Qc7+ 23. Kb1 f5 24. Rhg1 Rf8 25. g6 fxg6 26. Rxg6+ Kh8
27. Rc1 Qd8 28. Rh6 Nf6 29. Qxf5 Qxd5 30. Bg5 Qe4+ 31. Bd3 Qxf5 32. Bxf5
Bd5 33. Re1 e4 34. Bxf6+ Rxf6 35. Rxh7+ Kg8 36. Rxe7 Rxf5 37. b5 Bc4 38. b6
Rb5 39. b7 Rb8 40. Nd2 Bd3+ 41. Kc1 Kf8 42. R7xe4 Rc5+ 43. Kd1 Bc2+ 44. Ke2
Bxe4 45. Nxe4 Re5 46. Kd3 Rxb7 47. Re2 Rd7+ 48. Kc4 Rde7 49. Kd4 Rh5 50.
Rf2+ Kg7 51. Rf4 Ra5 52. Nc3 Rb7 53. Rf2 Rb4+ 54. Kd3 Rxh4 55. a4 Rb4 56.
Kc2 Ra8 57. b3 Rc8 58. Kb2 Rcb8 59. Nb5 R4xb5 60. axb5 Rxb5 61. Kc3 Rb8 62.
b4 Rc8+ 63. Kb3 Rb8 1-0

[Event "2nd President's Cup"]
[Site "Baku AZE"]
[Date "2007.05.05"]
[Round "3"]
[White "Andreev,Ed UKR"]
[Black "Gelashvili,T"]
[Result "1/2-1/2"]
[WhiteElo "2433"]
[BlackElo "2605"]
[EventDate "2007.05.03"]

1. e4 d6 2. d4 g6 3. Nc3 Bg7 4. Be3 c6 5. f4 d5 6. e5 Nh6 7. Nf3 f6 8. Be2
O-O 9. O-O Bf5 10. h3 Qd7 11. Nd2 Be6 12. g4 b6 13. Nb3 1/2-1/2

[Event "2nd President's Cup"]
[Site "Baku AZE"]
[Date "2007.05.05"]
[Round "3"]
[White "Malakhatko,V"]
[Black "Sanikidze,T"]
[Result "1/2-1/2"]
[WhiteElo "2598"]
[BlackElo "2426"]
[EventDate "2007.05.03"]

1. d4 d5 2. c4 e6 3. Nc3 Be7 4. Nf3 Nf6 5. Bg5 O-O 6. e3 h6 7. Bh4 Ne4 8.
Bxe7 Qxe7 9. cxd5 Nxc3 10. bxc3 exd5 11. c4 Be6 12. Qb3 Rd8 13. Be2 c5 14.
O-O Nc6 15. cxd5 Bxd5 16. Qa3 Bxf3 17. Bxf3 cxd4 18. Qxe7 Nxe7 19. Rab1
Rab8 20. Rxb7 Rxb7 21. Bxb7 dxe3 22. fxe3 Rd2 23. Rf2 Rd1+ 24. Rf1 Rd2
1/2-1/2

[Event "2nd President's Cup"]
[Site "Baku AZE"]
[Date "2007.05.05"]
[Round "3"]
[White "Rustemov,A"]
[Black "Morchiashvili,B"]
[Result "1/2-1/2"]
[WhiteElo "2557"]
[BlackElo "2396"]
[EventDate "2007.05.03"]

1. Nf3 Nf6 2. c4 e6 3. Nc3 d5 4. d4 Be7 5. Qc2 O-O 6. cxd5 exd5 7. Bg5 c6
8. e3 Nbd7 9. Bd3 Re8 10. h3 Nf8 11. Bf4 Bd6 12. Bxd6 Qxd6 13. O-O-O Be6
14. Kb1 Rac8 15. Rc1 a6 16. Na4 N8d7 17. Nc5 Qc7 18. g4 Nxc5 19. dxc5 b6
20. Nd4 bxc5 21. Qxc5 Ne4 22. Bxe4 dxe4 23. Rc2 Bd5 24. Rhc1 Qe5 25. Nf5
Rcd8 26. Qc3 h5 27. Qxe5 Rxe5 28. Nd4 hxg4 29. hxg4 Rg5 30. Nxc6 Bxc6 31.
Rxc6 Rxg4 32. Rc8 Rxc8 33. Rxc8+ Kh7 34. b4 Rg6 35. Kb2 Kh6 36. Rc5 Rf6 37.
Kc3 g5 38. Kd4 Rxf2 39. Rc6+ Kg7 40. Rxa6 g4 41. Rc6 Rxa2 42. Kxe4 Rb2 43.
Rc4 g3 1/2-1/2

[Event "2nd President's Cup"]
[Site "Baku AZE"]
[Date "2007.05.05"]
[Round "3"]
[White "Paichadze,L"]
[Black "Mamedov,Nid"]
[Result "0-1"]
[WhiteElo "2392"]
[BlackElo "2547"]
[EventDate "2007.05.03"]

1. e4 c5 2. b3 d6 3. Bb5+ Bd7 4. Bxd7+ Qxd7 5. Bb2 Nf6 6. d3 g6 7. f4 Bg7
8. Nf3 O-O 9. O-O Nc6 10. Qe2 Rac8 11. c4 Qg4 12. g3 Nh5 13. Bxg7 Kxg7 14.
Qg2 Nb4 15. Ne1 Nc6 16. Nc2 Nd4 17. Nxd4 cxd4 18. Nd2 e5 19. f5 Qg5 20.
Rae1 Qe7 21. Nf3 f6 22. Qd2 g5 23. Rc1 Rc7 24. Ne1 Kg8 25. Nc2 Rfc8 26. Nb4
Qf7 27. Nd5 Rc6 28. b4 Ng7 29. h4 g4 30. h5 Ne8 31. b5 Rc5 32. Qe2 Nc7 33.
Qxg4+ Kh8 34. Nxc7 R5xc7 35. Qf3 Rg8 36. Kf2 Qf8 37. Rh1 Qh6 38. Rcg1 Rcg7
39. Rh4 Rg5 40. a4 R5g7 41. Qe2 b6 42. Rg2 Qc1 43. Rg1 Qc3 44. Rhh1 Rg4 45.
Rh4 Rxh4 46. gxh4 Rxg1 47. Kxg1 Kg7 48. Kg2 Kh6 49. Kh3 Qc1 50. Qf3 Qe1 51.
Qg3 Qe2 52. Qg8 Qxd3+ 53. Kh2 Qe2+ 54. Kh3 Qf3+ 55. Kh2 Kxh5 56. Qf7+ Kg4
57. Qxf6 Qg3+ 58. Kh1 Kf3 0-1

[Event "2nd President's Cup"]
[Site "Baku AZE"]
[Date "2007.05.05"]
[Round "3"]
[White "Chigladze,I"]
[Black "Burmakin,V"]
[Result "0-1"]
[WhiteElo "2346"]
[BlackElo "2593"]
[EventDate "2007.05.03"]

1. d4 c6 2. c4 d5 3. Nf3 Nf6 4. Nc3 a6 5. e3 b5 6. b3 Bg4 7. Be2 e6 8. O-O
Bd6 9. h3 Bf5 10. Nd2 O-O 11. Bf3 Bd3 12. Re1 bxc4 13. bxc4 dxc4 14. Be2 c5
15. Nxc4 Bxc4 16. Bxc4 cxd4 17. Qf3 Nc6 18. Qxc6 dxc3 19. Bxa6 Nd5 20. a3
Be5 21. Bd3 c2 22. Ra2 Qa5 23. Kf1 Rfc8 24. Qb5 Qxb5 25. Bxb5 Nb4 26. axb4
Rxa2 27. Bd2 Rd8 0-1

[Event "2nd President's Cup"]
[Site "Baku AZE"]
[Date "2007.05.05"]
[Round "3"]
[White "Sadvakasov,D"]
[Black "Agayev,N"]
[Result "1-0"]
[WhiteElo "2618"]
[BlackElo "2306"]
[EventDate "2007.05.03"]

1. e4 e5 2. Nf3 Nf6 3. Nxe5 d6 4. Nf3 Nxe4 5. d4 d5 6. Bd3 Bd6 7. O-O O-O
8. Re1 Bg4 9. Bxe4 dxe4 10. Rxe4 f5 11. Re1 Bxf3 12. Qxf3 Qh4 13. Qd5+ Kh8
14. g3 Qf6 15. Qxb7 Nd7 16. Nc3 f4 17. gxf4 Qxd4 18. Be3 Qf6 19. Qg2 Qf5
20. Rad1 Nf6 21. Qg5 Qh3 22. Rd3 Rae8 23. Qg2 Qf5 24. Ne2 h5 25. Red1 h4
26. Nd4 Qh7 27. h3 Nh5 28. f5 Be5 29. Ne6 Qxf5 30. Nxf8 Rxf8 31. Qg4 Qf7
32. Rd7 1-0

[Event "2nd President's Cup"]
[Site "Baku AZE"]
[Date "2007.05.05"]
[Round "3"]
[White "Velikhanli,F"]
[Black "Mamedov,Rau"]
[Result "0-1"]
[WhiteElo "2310"]
[BlackElo "2584"]
[EventDate "2007.05.03"]

1. e4 c5 2. Nf3 Nc6 3. Bb5 g6 4. Bxc6 dxc6 5. d3 Bg7 6. a4 a5 7. h3 b6 8.
O-O e5 9. Na3 Ne7 10. Nc4 Qc7 11. Be3 Be6 12. Nfd2 O-O 13. f4 exf4 14. Bxf4
Qd8 15. Kh1 b5 16. Nd6 Bxb2 17. axb5 cxb5 18. Rb1 Bg7 19. Nxb5 a4 20. Na3
Nc6 21. Be3 Qe7 22. Rb6 Nd4 23. c3 Nb3 24. Nxb3 axb3 25. Nc4 Bxc4 26. dxc4
Qxe4 27. Bxc5 Rfd8 28. Qxb3 Rd2 29. Rb8+ Bf8 30. Rg1 Rd3 31. Rxf8+ Rxf8 32.
Rb1 Rxh3+ 33. Kg1 Rxc3 34. Qxc3 Qxb1+ 35. Kh2 Qb8+ 36. Kg1 Rd8 37. Bd4 Qf4
0-1

[Event "2nd President's Cup"]
[Site "Baku AZE"]
[Date "2007.05.05"]
[Round "3"]
[White "Khotenashvili,B"]
[Black "Shanava,K"]
[Result "1/2-1/2"]
[WhiteElo "2301"]
[BlackElo "2532"]
[EventDate "2007.05.03"]

1. Nf3 d6 2. d4 Bg4 3. c4 Nd7 4. g3 Bxf3 5. exf3 g6 6. Bg2 Bg7 7. Nc3 c6 8.
Be3 Ngf6 9. Qd2 Qa5 10. O-O O-O 11. Rab1 Qa6 12. b3 Rac8 13. Rfe1 b6 14.
Bh6 e6 15. Bxg7 Kxg7 16. Ne4 d5 17. Nd6 Rcd8 18. cxd5 Nxd5 19. a4 b5 20.
Bf1 Qb6 21. axb5 cxb5 22. Nxb5 Nb8 23. Re4 Nc6 24. Rh4 h5 25. Rxh5 gxh5 26.
Qg5+ Kh7 27. Qxh5+ Kg7 28. Qg5+ 1/2-1/2

[Event "2nd President's Cup"]
[Site "Baku AZE"]
[Date "2007.05.05"]
[Round "3"]
[White "Babaev,Ra"]
[Black "Mammadov,A"]
[Result "1/2-1/2"]
[WhiteElo "2510"]
[BlackElo "2225"]
[EventDate "2007.05.03"]

1. e4 e6 2. d4 d5 3. Nd2 Nf6 4. e5 Nfd7 5. Bd3 c5 6. c3 b6 7. Qe2 cxd4 8.
cxd4 Nc6 9. Ndf3 Nb4 10. Bb1 Ba6 11. Qd1 Qc7 12. a3 Qc4 13. Ne2 Nd3+ 14.
Bxd3 Qxd3 15. Qxd3 Bxd3 16. Nf4 Ba6 17. Bd2 Rc8 18. Bc3 Be7 19. h4 Nb8 20.
Kd2 Nc6 21. Ne1 Kd7 22. Ned3 Bxd3 23. Kxd3 h5 24. Rac1 g6 25. Bd2 Nb8 26.
g3 Rxc1 27. Rxc1 Rc8 28. Rxc8 1/2-1/2

[Event "2nd President's Cup"]
[Site "Baku AZE"]
[Date "2007.05.05"]
[Round "3"]
[White "Allajov,R"]
[Black "Mamedjarova,Z"]
[Result "1/2-1/2"]
[WhiteElo "2093"]
[BlackElo "2354"]
[EventDate "2007.05.03"]

1. e4 e5 2. Nf3 d6 3. d4 exd4 4. Nxd4 Nf6 5. Nc3 Be7 6. Be2 O-O 7. O-O Re8
8. f4 Bf8 9. Bf3 c6 10. a4 a5 11. Nb3 Na6 12. Be3 d5 13. e5 Nd7 14. Qd2 f6
15. e6 Rxe6 16. Nxd5 Rd6 17. c4 cxd5 18. c5 Ndxc5 19. Bxc5 Nxc5 20. Nxc5 b6
21. Nb3 Bf5 22. Nd4 Be4 23. Bg4 Qe8 24. b3 Qf7 25. f5 Rdd8 26. Ne6 Rdc8 27.
Bf3 Bb4 28. Qf4 Qb7 29. Rac1 Bc3 30. Rcd1 Be5 31. Qg4 Ra7 32. Rfe1 Bxf3 33.
Qxf3 Rc3 34. Qxd5 Qxd5 35. Rxd5 g6 36. Rd8+ Kf7 37. Rh8 gxf5 38. Rxh7+ Kxe6
39. Rxa7 Rxb3 1/2-1/2

[Event "2nd President's Cup"]
[Site "Baku AZE"]
[Date "2007.05.05"]
[Round "3"]
[White "Khudaverdieva,A"]
[Black "Miezis,N"]
[Result "0-1"]
[WhiteElo "2163"]
[BlackElo "2521"]
[EventDate "2007.05.03"]

1. d4 Nf6 2. c4 c5 3. d5 e6 4. Nc3 exd5 5. cxd5 Bd6 6. Nf3 Bc7 7. e4 d6 8.
Be2 O-O 9. O-O Re8 10. Nd2 a6 11. a4 Nbd7 12. Qc2 Rb8 13. Re1 Nf8 14. Nf1
Ba5 15. Ng3 Ng6 16. Bd2 Bd7 17. b3 Bc7 18. Nd1 Ba5 19. Nc3 Bb4 20. Bf1 h6
21. Nd1 Nxd5 22. Bc4 Ndf4 23. Bxb4 cxb4 24. Qd2 Be6 25. Bxe6 fxe6 26. Ne3
Ne5 27. Nc4 Qg5 28. Nxe5 Nh3+ 0-1

[Event "2nd President's Cup"]
[Site "Baku AZE"]
[Date "2007.05.05"]
[Round "3"]
[White "Magalashvili,D"]
[Black "Baladjaev,G"]
[Result "1-0"]
[WhiteElo "2474"]
[BlackElo "2158"]
[EventDate "2007.05.03"]

1. Nf3 Nf6 2. c4 g6 3. Nc3 Bg7 4. e4 d6 5. d4 O-O 6. Be2 e5 7. O-O Nc6 8.
d5 Ne7 9. Rb1 a5 10. a3 Ne8 11. b4 axb4 12. axb4 h6 13. c5 f5 14. Nd2 Nf6
15. Nc4 Nxe4 16. Nxe4 fxe4 17. cxd6 cxd6 18. b5 Nf5 19. Ba3 Rf6 20. Bg4 Bf8
21. Re1 h5 22. Bh3 Nd4 23. Bxc8 Rxc8 24. Qa4 Ra8 25. Qd1 Qc7 26. Rb4 Nxb5
27. Rxb5 Qxc4 28. Rb3 Ra5 29. Qb1 Rxd5 30. Bc1 Rd3 31. Rxb7 d5 32. Rb8 Kg7
33. Be3 d4 34. Bg5 Rf5 35. Qb7+ Rf7 36. Qxe4 Rf5 37. Rb7+ Kg8 38. h4 Rc3
39. Rb6 Qf7 40. Ra1 Rb3 41. Rba6 Rc3 42. Rb1 Kg7 43. Rb7 Rc7 44. Raa7 1-0

[Event "2nd President's Cup"]
[Site "Baku AZE"]
[Date "2007.05.05"]
[Round "3"]
[White "Isgandarova,K"]
[Black "Dovliatov,S"]
[Result "1-0"]
[WhiteElo "2155"]
[BlackElo "2438"]
[EventDate "2007.05.03"]

1. e4 e5 2. Nf3 Nc6 3. d4 exd4 4. c3 d5 5. exd5 Qxd5 6. cxd4 Bg4 7. Be2
O-O-O 8. Nc3 Qa5 9. Be3 Bb4 10. O-O Nf6 11. Na4 Ne4 12. a3 Bd6 13. h3 Bh5
14. Rc1 Qf5 15. Qc2 Rhe8 16. Nh4 Qf6 17. Bxh5 Qxh4 18. Bxf7 Re7 19. Bd5
Bh2+ 20. Kxh2 Rxd5 21. Nc5 Nxd4 22. Qc4 Nf6 23. Qb4 c6 24. Qa5 Nf3+ 25. Kh1
Ng4 26. Qxa7 Rxe3 27. Qa8+ Kc7 28. Qxb7+ Kd8 29. fxe3 Nf2+ 30. Rxf2 Qxf2
31. Ne6+ Ke8 32. Nc7+ 1-0

[Event "2nd President's Cup"]
[Site "Baku AZE"]
[Date "2007.05.05"]
[Round "3"]
[White "Gassanov,A"]
[Black "Aliyev,E"]
[Result "1-0"]
[WhiteElo "2353"]
[BlackElo "2151"]
[EventDate "2007.05.03"]

1. e4 e5 2. Nf3 Nc6 3. Bc4 Nf6 4. d3 Bc5 5. c3 O-O 6. O-O d5 7. exd5 Nxd5
8. b4 Be7 9. Re1 Bf6 10. Qb3 Nb6 11. Be3 Nxc4 12. dxc4 Bg4 13. Rd1 Qc8 14.
Nbd2 e4 15. Nxe4 Bxf3 16. gxf3 Ne5 17. Kg2 Qf5 18. Ng3 Qxf3+ 19. Kg1 h5 20.
Rd4 Qc6 21. Rd5 Nxc4 22. Rc5 Qf3 23. Qxc4 Rfd8 24. Qe2 Qg4 25. Qxg4 hxg4
26. Ne4 c6 27. Nxf6+ gxf6 28. Rf5 Rd6 29. Bd4 Kg7 30. Rg5+ Kh6 31. Rxg4 f5
32. Rg3 1-0

[Event "2nd President's Cup"]
[Site "Baku AZE"]
[Date "2007.05.05"]
[Round "3"]
[White "Hasanov,R"]
[Black "Zozulia,A"]
[Result "0-1"]
[WhiteElo "2147"]
[BlackElo "2344"]
[EventDate "2007.05.03"]

1. e4 g6 2. d4 Bg7 3. Nc3 c6 4. Be3 Qb6 5. Rb1 d6 6. Be2 Qc7 7. Nf3 Nf6 8.
O-O Nbd7 9. a4 O-O 10. h3 a6 11. d5 cxd5 12. exd5 Nc5 13. Nd4 Bd7 14. Ra1
e5 15. dxe6 fxe6 16. Bf3 d5 17. Nb3 Nxb3 18. cxb3 Bc6 19. Re1 Rfe8 20. b4
Rad8 21. Bg5 h6 22. Bxf6 Bxf6 23. Qd3 Kg7 24. b5 axb5 25. axb5 Bd7 26. Ra4
Qc5 27. h4 h5 28. Rf4 e5 29. Rxf6 Kxf6 30. Nxd5+ Kg7 31. Qb1 Bf5 32. Qa1
Rxd5 33. Rc1 Ra8 34. Qxa8 Qxc1+ 0-1

[Event "2nd President's Cup"]
[Site "Baku AZE"]
[Date "2007.05.05"]
[Round "3"]
[White "Kadimova,I"]
[Black "Idrisov,T"]
[Result "1/2-1/2"]
[WhiteElo "2339"]
[BlackElo "2127"]
[EventDate "2007.05.03"]

1. d4 Nf6 2. c4 e6 3. Nc3 c5 4. d5 exd5 5. cxd5 d6 6. e4 g6 7. h3 Bg7 8.
Nf3 O-O 9. Bd3 b5 10. Bxb5 Nxe4 11. Nxe4 Qa5+ 12. Nfd2 Qxb5 13. Nxd6 Qa6
14. N2c4 Nd7 15. O-O Nb6 16. Nxb6 axb6 17. Nxc8 Raxc8 18. d6 Rcd8 19. Bg5
Bxb2 20. Bxd8 Rxd8 21. Re1 Bd4 22. Qc1 Rxd6 23. Qh6 Re6 24. Qd2 Bxa1 25.
Qd8+ Kg7 26. Rxe6 fxe6 27. Qe7+ 1/2-1/2

[Event "2nd President's Cup"]
[Site "Baku AZE"]
[Date "2007.05.05"]
[Round "3"]
[White "Davidov,S"]
[Black "Oroudzhov,A"]
[Result "1-0"]
[WhiteElo "2326"]
[BlackElo "2096"]
[EventDate "2007.05.03"]

1. e4 c5 2. Nf3 Nc6 3. d4 cxd4 4. Nxd4 Nf6 5. Nc3 e5 6. Ndb5 d6 7. Be3 a6
8. Na3 Rb8 9. Nd5 Nxd5 10. exd5 Ne7 11. c4 Nf5 12. Qd2 Be7 13. Bd3 Nxe3 14.
fxe3 Bg4 15. O-O O-O 16. b4 g6 17. Rac1 Rc8 18. h3 Bd7 19. Be2 f5 20. c5
Bg5 21. Kh1 f4 22. Nc4 dxc5 23. d6 Be6 24. Qb2 Bf6 25. bxc5 Rxc5 26. Qxb7
Qc8 27. Qb4 Bd5 28. Kh2 Rb5 29. Qd2 Qa8 30. a4 Rbb8 31. exf4 Bxg2 32. fxe5
Rb3 33. Rxf6 Rxh3+ 34. Kg1 Rxf6 35. exf6 Bh1 36. f7+ Kf8 37. Qg5 Qa7+ 38.
Ne3 Qxe3+ 39. Qxe3 Rxe3 40. d7 1-0

[Event "2nd President's Cup"]
[Site "Baku AZE"]
[Date "2007.05.05"]
[Round "3"]
[White "Abdullayev,A"]
[Black "Bregadze,L"]
[Result "0-1"]
[WhiteElo "2097"]
[BlackElo "2302"]
[EventDate "2007.05.03"]

1. d4 Nf6 2. c4 e6 3. Nc3 Bb4 4. e3 O-O 5. Bd3 c5 6. a3 Bxc3+ 7. bxc3 d6 8.
Ne2 Nc6 9. O-O b6 10. e4 e5 11. f4 exd4 12. cxd4 cxd4 13. Bb2 Re8 14. Qc2
Bb7 15. Rae1 Rc8 16. Ng3 Nd7 17. Qf2 Nc5 18. Bb1 Ba6 19. Nf5 Bxc4 20. Nxg7
Kxg7 21. Bxd4+ Kf8 22. Ba1 Bxf1 23. Qg3 Ne6 24. Qh3 Ned4 25. Qh6+ Ke7 26.
Kxf1 Kd7 27. Rd1 Re6 28. Qh3 Qf6 29. Qe3 Qh6 30. Bxd4 Nxd4 31. Qxd4 Qxf4+
32. Kg1 Rc1 33. Bc2 Rxc2 34. Qa4+ Rc6 35. Rf1 Qe3+ 36. Kh1 Rf6 37. Qxa7+
Ke6 0-1

[Event "2nd President's Cup"]
[Site "Baku AZE"]
[Date "2007.05.05"]
[Round "3"]
[White "Mamedjarova,T"]
[Black "Kerimov,E"]
[Result "1/2-1/2"]
[WhiteElo "2293"]
[BlackElo "2086"]
[EventDate "2007.05.03"]

1. d4 d5 2. Nf3 c6 3. e3 e6 4. Bd3 f5 5. Ne5 Nf6 6. Nd2 Bd6 7. f4 O-O 8.
O-O c5 9. c3 Nbd7 10. Rf3 Ne4 11. Rh3 Ndf6 12. Bxe4 dxe4 13. Ndc4 Bc7 14.
a4 a6 15. b4 cxb4 16. cxb4 Bd7 17. Qb3 b5 18. axb5 Bxb5 19. Nb6 Nd5 20.
Nxa8 Bxe5 21. dxe5 Qxa8 22. Bb2 Rc8 23. Bd4 Rc4 24. Bc5 Nc3 25. Re1 Qd5 26.
Bd4 Ne2+ 27. Kf2 Nc1 28. Rxc1 Rxc1 29. Qxd5 Rf1+ 30. Kg3 exd5 31. e6
1/2-1/2

[Event "2nd President's Cup"]
[Site "Baku AZE"]
[Date "2007.05.05"]
[Round "3"]
[White "Ahmadov,V"]
[Black "Abdulov,Or"]
[Result "0-1"]
[WhiteElo "2079"]
[BlackElo "2271"]
[EventDate "2007.05.03"]

1. c4 Nf6 2. Nc3 g6 3. g3 Bg7 4. Bg2 d6 5. d4 Nbd7 6. e4 O-O 7. Nge2 e5 8.
d5 a5 9. O-O Nc5 10. h3 Bd7 11. Be3 Qe7 12. Qc2 Ne8 13. f4 f5 14. fxe5 Bxe5
15. Qd2 fxe4 16. Bxc5 Rxf1+ 17. Rxf1 dxc5 18. Nxe4 Nd6 19. Nxd6 cxd6 20.
Kh2 b5 21. b3 a4 22. Nf4 bxc4 23. bxc4 Rb8 24. Nd3 Bd4 25. Re1 Qf6 26. Rf1
Qe7 27. g4 Qe3 28. Qxe3 Bxe3 29. Rf6 Rb6 30. Kg3 Bd4 31. Rf1 a3 32. Re1 Ba4
33. Nc1 Rb7 34. Be4 Rb2 35. Re2 Rxe2 36. Nxe2 Be5+ 37. Kf3 Bb3 38. Nc1 Bxc4
0-1